000 00832nam a22002054a 4500
005 20160420132249.0
008 160420b mx ||||| |||| 00| 0 spa d
020 _a9689172352
050 0 4 _aPN2595.13.W65
_bB37 2008
100 1 _aBarbosa Sánchez, Araceli.
245 1 0 _aArte feminista en los ochenta en México :
_buna perspectiva de género /
_cAraceli Barbosa.
250 _a1. ed.
260 _aMéxico, D.F. :
_bUniversidad Autónoma del Estado de Morelos,
_c2008.
300 _ap.v. :
_bil.;
_c21 cm.
504 _aIncluye bibliografias e índice
520 8 _aA study on the new feminine consciousness in the visual arts in Mexico. The book looks feminist art, the artists, history of women in the visual arts.
650 7 _aFeminismo
_zMexico.
_2LEMB
650 7 _aArtistas (mujeres)
_zMexico.
_2LEMB
942 _2lcc
_cLIB
999 _c115639
_d115639